Countries by Largest Earthquakes Quiz Stats

 Plays Quiz Updated Mar 16, 2013

Challenge
Share
Tweet
Embed
Score 0/12 Timer 03:00
3 Plays Today
Highest Magnitude Country (# of Earthquakes*) % Correct
9.2United States of America (1)
98%
9.0Japan (2)
96.7%
8.6China (1)
92.7%
9.5Chile (5)
80.5%
9.0Russia (3)
79.3%
9.0Canada (1)
77.6%
8.6India (1)
75.6%
9.1Indonesia (4)
74.7%
8.5Argentina (1)
66.6%
9.0Peru (2)
65.6%
8.8Ecuador (1)
48.3%
8.7Portugal (1)
12.1%

You're not logged in!

Compare scores with friends on all Sporcle quizzes.
OR
Log In

You Might Also Like...

Show Comments

Extras

Top Quizzes Today


Score Distribution

Your Account Isn't Verified!

In order to create a playlist on Sporcle, you need to verify the email address you used during registration. Go to your Sporcle Settings to finish the process.

Report this User

Report this user for behavior that violates our Community Guidelines.

Details: